000 00415nam a2200157Ia 4500
003 GCL
008 140319s9999 xx 000 0 eng d
040 _aGCL /
_cGCL
082 0 4 _a363.203
_bI P
100 1 _aISMAT, SHAFIQ
245 1 0 _aTHE POLICE DICTIONARY: ENGLISH - ARABIC /
_cISMAT, SHAFIQ
260 _a[S.N] :
_bLIBRAIRIE DU LIBAN ،
_c1980
300 _a263 P
650 0 4 _aDICTIONARIES
942 _2ddc
_cBK
999 _c12313
_d12313